Fruit crops / (Record no. 13259)
[ view plain ]
| 000 -LEADER | |
|---|---|
| fixed length control field | 00473cam a2200181ua 4500 |
| 003 - CONTROL NUMBER IDENTIFIER | |
| control field | OSt |
| 008 - FIXED-LENGTH DATA ELEMENTS--GENERAL INFORMATION | |
| fixed length control field | 240213b |||||||| |||| 00| 0 eng d |
| 041 ## - LANGUAGE CODE | |
| Language code of text/sound track or separate title | eng |
| 082 ## - DEWEY DECIMAL CLASSIFICATION NUMBER | |
| Classification number | 635 |
| Item number | PET/FR |
| 100 ## - MAIN ENTRY--AUTHOR NAME | |
| Personal name | Peter, K V. |
| 245 00 - TITLE STATEMENT | |
| Title | Fruit crops / |
| 260 ## - PUBLICATION, DISTRIBUTION, ETC. (IMPRINT) | |
| Place of publication | New Delhi : |
| Name of publisher | New India Publishing Agency , |
| Year of publication | 2007. |
| 300 ## - PHYSICAL DESCRIPTION | |
| Number of Pages | 429 ; |
| Accompanying material | CD. |
| 490 0# - SERIES STATEMENT | |
| Series statement | Horticultural Science Series No. 3, |
| 700 1# - ADDED ENTRY--PERSONAL NAME | |
| Personal name | Mathew, L . |
| 700 1# - ADDED ENTRY--PERSONAL NAME | |
| Personal name | Radha, T . |
| 942 ## - ADDED ENTRY ELEMENTS (KOHA) | |
| Koha item type | Books |
| Withdrawn status | Lost status | Damaged status | Home library | Current library | Date acquired | Full call number | Accession Number | Koha item type | Collection code | Shelving location | Source of acquisition | Cost, normal purchase price |
|---|---|---|---|---|---|---|---|---|---|---|---|---|
| KAUAET | KAUAET | 07/04/2012 | 635 PET/FR | 21801 | Books | |||||||
| KAUAET | KAUAET | 30/03/2017 | 635 PET/FR | 25262 | Books | General Stacks | Neoti book Agency | 4500.00 | ||||
| KAUAET | KAUAET | 30/03/2017 | 635 PET/FR | 25263 | Books | General Stacks | Neoti book Agency | 4500.00 |
